000 00299nam a2200121Ia 4500
008 190216s9999||||xx |||||||||||||| ||und||
100 _aJain S P & Narang K L
245 0 _aAdvanced Cost And Management Accounting
260 _bKalyani Pub:-
300 _a1310
650 _aCommerce
942 _cBK
999 _c5636
_d5636